| 000 | 00987nam a2200301 i 4500 | ||
|---|---|---|---|
| 001 | 000046853 | ||
| 003 | DO-SdBNP | ||
| 005 | 20250728102034.0 | ||
| 007 | ta | ||
| 008 | 180403s2016 dr 000 p spa d | ||
| 020 | _a9789945492712 | ||
| 040 |
_aDO-SdBNP _bspa _cBNPHU _erda |
||
| 041 | _aspa | ||
| 082 |
_aRD861.44 _bB585o _222 |
||
| 100 | 1 |
_aBidó, Victor, _d1959- _923507 _eautor _4aut. |
|
| 245 | 1 | 3 |
_aAl otro lado de la mirada : _bantología poética (1986-2015) / _cVíctor Bidó. |
| 264 |
_aSanto Domingo, : _bEditora Nacional, _c2016. |
||
| 300 |
_a244 páginas _c24 cm. |
||
| 336 |
_atexto _btxt _2rdacontent |
||
| 337 |
_asin mediación _bn _2rdamedia |
||
| 338 |
_avolumen _bnc _2rdacarrier |
||
| 500 | _aIncluye datos biografícos del autor en la solapa de la portada. | ||
| 590 | _aInventariado, 2018/ YL | ||
| 650 | 4 |
_aPoesía dominicana _978060 |
|
| 650 | 4 |
_aLiteratura dominicana. _967 |
|
| 910 | _aYLockward. Validado. Control de Calidad/MAA | ||
| 942 |
_2ddc _cLBS1 |
||
| 999 |
_c46342 _d46342 |
||